Statistics for The Periodic Table.

Click here to take the quiz!

General Stats

  • This quiz has been taken 19 times
  • The average score is 60 of 118

Answer Stats

Atomic NumberSymbolElement% Correct
2HeHelium
100%
8OOxygen
100%
18ArArgon
94%
1HHydrogen
94%
26FeIron
94%
10NeNeon
94%
13AlAluminum
88%
20CaCalcium
88%
6CCarbon
88%
3LiLithium
88%
12MgMagnesium
88%
7NNitrogen
88%
47AgSilver
88%
5BBoron
82%
79AuGold
82%
92UUranium
82%
54XeXenon
82%
4BeBeryllium
76%
29CuCopper
76%
25MnManganese
76%
11NaSodium
76%
30ZnZinc
76%
35BrBromine
71%
82PbLead
71%
28NiNickel
71%
19KPotassium
71%
14SiSilicon
71%
16SSulfur
71%
50SnTin
71%
55CsCesium
65%
17ClChlorine
65%
31GaGallium
65%
53IIodine
65%
36KrKrypton
65%
15PPhosphorus
65%
94PuPlutonium
65%
88RaRadium
65%
23VVanadium
65%
39YYttrium
65%
40ZrZirconium
65%
33AsArsenic
59%
24CrChromium
59%
9FFluorine
59%
87FrFrancium
59%
46PdPalladium
59%
104RfRutherfordium
59%
21ScScandium
59%
22TiTitanium
59%
74WTungsten
59%
48CdCadmium
53%
27CoCobalt
53%
99EsEinsteinium
53%
80HgMercury
53%
84PoPolonium
53%
37RbRubidium
53%
34SeSelenium
53%
95AmAmericium
47%
56BaBarium
47%
96CmCurium
47%
32GeGermanium
47%
77IrIridium
47%
102NoNobelium
47%
76OsOsmium
47%
86RnRadon
47%
85AtAstatine
41%
107BhBohrium
41%
58CeCerium
41%
63EuEuropium
41%
38SrStrontium
41%
89AcActinium
35%
97BkBerkelium
35%
83BiBismuth
35%
98CfCalifornium
35%
68ErErbium
35%
100FmFermium
35%
72HfHafnium
35%
67HoHolmium
35%
49InIndium
35%
103LrLawrencium
35%
71LuLutetium
35%
101MdMendelevium
35%
42MoMolybdenum
35%
60NdNeodymium
35%
93NpNeptunium
35%
41NbNiobium
35%
59PrPraseodymium
35%
91PaProtactinium
35%
106SgSeaborgium
35%
52TeTellurium
35%
90ThThorium
35%
70YbYtterbium
35%
51SbAntimony
29%
105DbDubnium
29%
66DyDysprosium
29%
64GdGadolinium
29%
78PtPlatinum
29%
75ReRhenium
29%
62SmSamarium
29%
73TaTantalum
29%
43TcTechnetium
29%
65TbTerbium
29%
112CnCopernicium
24%
110DsDarmstadtium
24%
109MtMeitnerium
24%
115McMoscovium
24%
61PmPromethium
24%
45RhRhodium
24%
111RgRoentgenium
24%
44RuRuthenium
24%
81TlThallium
24%
108HsHassium
18%
57LaLanthanum
18%
116LvLivermorium
18%
117TsTennessine
18%
69TmThulium
18%
114FlFlerovium
12%
113NiNihonium
12%
118OgOganesson
12%

Score Distribution

Percentile by Number Answered

Percent of People with Each Score

Your Score History

You have not taken this quiz